| 000 | 00953nam a22002175i 4500 | ||
|---|---|---|---|
| 001 | 161994 | ||
| 003 | ES-MaACL | ||
| 005 | 20250808060216.0 | ||
| 008 | 041027s1894 fr |||| | fre d | ||
| 040 |
_aCAM _bspa _cCAM |
||
| 100 | 1 |
_aPetit-Dutaillis, Charles. _991516 |
|
| 245 | 1 | 0 |
_aEtude sur la vie et le règne de Louis \RVIII\R (1187-1226) / _cpar Ch. Petit-Dutaillis. |
| 260 |
_aParis : _bLibrairie Emile Bouillon, éditeur, _c1894 ( _eChartres : _fImprimerie Durand) |
||
| 300 |
_aXLIV, 568 p. ; _c24 cm. |
||
| 490 | 1 |
_aBibliothèque de l'Ecole des Hautes Etudes. Sciences philologiques et historiques ; _v101 |
|
| 600 | 0 | 4 |
_aLuis _b,VIII _cRey de Francia- _xBiografías. _9129134 |
| 651 | 7 |
_aFrancia- _xHistoria- _y1223-1226, Luis VIII _2 _9156518 |
|
| 830 | 0 | 0 |
_aBibliothèque de l'École des Hautes Études. Sciences historiques et philologiques _v101 _9229685 |
| 852 |
_aES-MaACL _jC-7621 _z-- Enc. hol. |
||
| 999 |
_c161994 _d161994 |
||